<?xml version="1.0" encoding="UTF-8"?>
<collection xmlns="http://www.loc.gov/MARC21/slim">
  <record>
    <leader>00000nam  2200000   4500</leader>
    <controlfield tag="001">INLIS000000000053374</controlfield>
    <controlfield tag="005">20180920105015</controlfield>
    <datafield tag="035" ind1="#" ind2="#">
      <subfield code="a">0010-0918000006</subfield>
    </datafield>
    <controlfield tag="007">ta</controlfield>
    <controlfield tag="008">180920###########################0#ind##</controlfield>
    <datafield tag="082" ind1="#" ind2="#">
      <subfield code="a">813</subfield>
    </datafield>
    <datafield tag="084" ind1="#" ind2="#">
      <subfield code="a">813 ZAK a</subfield>
    </datafield>
    <datafield tag="100" ind1=" " ind2="#">
      <subfield code="a">Zakkiyah, Azri</subfield>
    </datafield>
    <datafield tag="245" ind1="1" ind2="#">
      <subfield code="a">Alunan vektor Allah /</subfield>
      <subfield code="c">Azri Zakkiyah</subfield>
    </datafield>
    <datafield tag="260" ind1="#" ind2="#">
      <subfield code="a">Jakarta :</subfield>
      <subfield code="b">Badan Litbang dan Diklat Depag RI,</subfield>
      <subfield code="c">2009</subfield>
    </datafield>
    <datafield tag="300" ind1="#" ind2="#">
      <subfield code="a">viii,140 hlm. ;</subfield>
      <subfield code="c">21 cm.</subfield>
    </datafield>
    <datafield tag="990" ind1="#" ind2="#">
      <subfield code="a">78197819</subfield>
    </datafield>
    <datafield tag="990" ind1="#" ind2="#">
      <subfield code="a">31100307</subfield>
    </datafield>
    <datafield tag="990" ind1="#" ind2="#">
      <subfield code="a">08730873</subfield>
    </datafield>
    <datafield tag="990" ind1="#" ind2="#">
      <subfield code="a">01201900873</subfield>
    </datafield>
    <datafield tag="990" ind1="#" ind2="#">
      <subfield code="a">31100307</subfield>
    </datafield>
    <datafield tag="990" ind1="#" ind2="#">
      <subfield code="a">31100309</subfield>
    </datafield>
    <datafield tag="990" ind1="#" ind2="#">
      <subfield code="a">01201808649</subfield>
    </datafield>
  </record>
</collection>
